[Event "78th GEO-ch 2019"]
[Site "Tbilisi"]
[Date "2019.02.08"]
[Round "1.4"]
[White "Maghalashvili, Davit"]
[Black "Petriashvili, Nikoloz"]
[Result "1-0"]
[WhiteElo "2504"]
[BlackElo "2464"]
[Annotator "TA"]
[PlyCount "115"]
[EventDate "2019.02.06"]
[EventType "k.o."]
[EventCountry "GEO"]
[SourceTitle "playchess.com"]
[Source "ChessBase"]
[SourceQuality "1"]

{[%evp 22,115,36,33,51,16,0,0,15,2,81,90,90,93,66,78,79,92,125,90,110,95,71,69,61,74,114,63,94,83,212,204,192,13,19,0,72,77,216,201,473,456,446,455,454,473,432,52,54,52,54,43,85,29,67,40,42,41,38,32,41,34,78,83,86,77,113,96,277,251,601,290,310,0,608,515,375,700,608,671,651,488,1394,1328,29960,29964,29961,29965,29963,29965,29969,29970,29975,29969,29971,4627]} 1. Nf3 c5 2. c4 (2. g3 g6 3. Bg2 Bg7 4. O-O Nc6 5. d3 d6 6. a3 e5 7. c4 Nge7 8. Nc3 O-O 9. Rb1 {½-½ (83) Amin,B (2634)-Grischuk,A (2794) Tsaghkadzor 2015}) 2... g6 $146 ({Predecessor:} 2... Nc6 3. Nc3 e5 4. g3 g6 5. Bg2 {½-½ (27) Gonzalez Vidal,Y (2555)-Ortiz Suarez,I (2578) Varadero 2016}) 3. g3 Bg7 4. Bg2 Nc6 5. Nc3 e5 6. O-O d6 7. a3 ({Predecessor:} 7. d3 Nge7 8. a3 O-O 9. Rb1 {½-½ (27) Gonzalez Vidal,Y (2555)-Ortiz Suarez,I (2578) Varadero 2016}) 7... a5 8. d3 Nge7 9. Rb1 O-O 10. Bd2 h6 11. Ne1 Be6 12. Nd5 f5 {A37: Symmetrical English vs ...g6: 4 Bg2 Bg7 5 Nf3} (12... a4 13. Nc3 Qa5 14. Nb5 Qd8 15. Nc3 Qa5 16. Nc2 Rfb8 17. Ne3 Nd4 18. Ncd5 Qd8 19. Nxe7+ Qxe7 20. Nd5 {½-½ (83) Amin,B (2634)-Grischuk,A (2794) Tsaghkadzor 2015}) 13. Nxe7+ (13. b4 {with more complications.} axb4 14. axb4 g5 15. Nc2 Rb8 16. bxc5 dxc5 17. Nxe7+ Qxe7 18. Ne3) ({Predecessor:} 13. b4 axb4 14. axb4 Bxd5 15. cxd5 Nxb4 16. Bxb4 cxb4 17. Rxb4 Ra7 18. Qb3 Qa8 19. Nc2 f4 20. Rb1 {½-½ (27) Gonzalez Vidal,Y (2555)-Ortiz Suarez,I (2578) Varadero 2016}) 13... Qxe7 14. b4 axb4 {The position is equal.} 15. axb4 Nxb4 (15... Kh7 $11 {remains equal.}) 16. Bxb4 $16 cxb4 17. Nc2 Rab8 18. Nxb4 Kh7 19. Nd5 Qd7 20. Nb6 Qc7 21. Qa4 f4 22. Rb5 h5 23. Nd5 Qd7 24. Qb4 ({White should try} 24. Nc3 $1 $16) 24... h4 25. Rb6 $36 {[%mdl 2048] White is in control.} fxg3 (25... Bxd5 $16 26. Rxd6 (26. cxd5 hxg3 27. hxg3 fxg3 $16) (26. Bxd5 fxg3 27. hxg3 hxg3 $11) 26... Qe7 27. Bxd5 hxg3 28. hxg3 fxg3 29. fxg3 e4 30. Bxe4 Bd4+ 31. e3 Bxe3+ 32. Kg2 Rxf1 33. Kxf1 Rf8+ 34. Ke2 Rf6 35. Qxb7 Qxb7 36. Bxb7 Rxd6 37. Kxe3 Rd7) 26. Rxd6 $18 ({Much less strong is} 26. hxg3 $6 Bxd5 27. cxd5 (27. Bxd5 hxg3 28. Qxd6 Qg4 $11) 27... hxg3 $16) 26... gxf2+ 27. Kh1 $2 ({Only move:} 27. Rxf2 $18 Qc8 28. Ne7) 27... Qf7 $11 28. Qb6 h3 (28... Bg4 $11 {keeps the balance.} 29. Qe3 Ra8) 29. Bf3 $16 {[#]} Bf5 (29... e4 $1 $16 {[%mdl 512]} 30. dxe4 Rfe8) 30. Qxf2 $18 Rbe8 $2 (30... Ra8 {was worth a try.} 31. Qh4+ Bh6) 31. Qh4+ Kg8 {[#] Black wants to play ...e4.} 32. Rg1 $1 Bxd3 33. Qxh3 Bf5 34. Qg2 $2 (34. Qh4 $18) 34... e4 $14 35. Bg4 {Hoping for Bxf5.} Re6 $1 {[%cal Re6d6] [#]} 36. Bxf5 $1 {[%mdl 512]} Qxf5 37. Ne3 (37. e3 $16) 37... Qf7 38. Rxe6 (38. Rdd1 {looks sharper.} Qe8 39. Qg4 Ra6 40. Qh4 Bf6 41. Qh3) 38... Qxe6 39. Qxg6 Qxg6 40. Rxg6 {[%mdl 4096] Endgame Threatens to win with Rg4. KRB-KRN} Kh7 41. Rb6 Bd4 42. Rxb7+ Kg6 43. Nd5 Rf1+ 44. Kg2 Rf2+ $2 (44... Rc1 $16) 45. Kg3 $18 Kh6 $2 (45... e3 46. Re7 Bc5) 46. Nf4 (46. e3 $142 Bxe3 47. Re7 (47. Nxe3 Rf3+ 48. Kg4 Rxe3 $16)) 46... Be3 47. Nd5 $2 (47. Rb3 Rxf4 48. Rxe3) 47... Bd4 48. e3 Bxe3 49. Nxe3 {KRN-KR} Rf3+ 50. Kg4 {Strongly threatening Nf5+.} Rxe3 {KR-KR} 51. Re7 Re2 (51... Kg6 $142 52. h4 Kf6) 52. Kf4 Rxh2 53. Rxe4 {White mates.} Rh5 54. Ke3 Kg6 55. Kd4 Kf6 56. c5 Rh1 57. Kd5 Kf5 58. Re8 {Accuracy: White = 57%, Black = 32%.} (58. c6 $142 Rd1+ 59. Rd4 Rc1 60. Kd6 Ra1 61. Rc4 Ra6 62. Rc5+ Kf4 63. Ke7) 1-0

[Event "78th GEO-ch 2019"]
[Site "Tbilisi"]
[Date "2019.02.06"]
[Round "1.4"]
[White "Tutisani, Noe"]
[Black "Shanava, Konstantine"]
[Result "0-1"]
[WhiteElo "2468"]
[BlackElo "2516"]
[Annotator "TA"]
[PlyCount "64"]
[EventDate "2019.02.06"]
[EventType "k.o."]
[EventCountry "GEO"]
[SourceTitle "playchess.com"]
[Source "ChessBase"]
[SourceQuality "1"]

{[%evp 19,64,68,63,62,77,59,82,82,82,95,101,77,84,82,159,162,145,129,190,204,222,208,229,203,201,206,340,165,154,99,252,206,255,261,243,247,223,-285,-302,-289,-292,-290,-319,-366,-361,-523,-508]} 1. e4 c5 2. Nf3 Nc6 3. d4 cxd4 4. Nxd4 g6 5. Nc3 Bg7 6. Be3 Nf6 7. Bc4 O-O 8. Bb3 d6 9. f3 Nxd4 10. Bxd4 Be6 {LiveBook: 67 Games. B76: Sicilian Dragon: Yugoslav Attack, 9 g4 and 9 0-0-0} 11. Qe2 (11. Qd2 Qa5 12. O-O-O b5 13. Kb1 b4 14. Nd5 Bxd5 15. exd5 Qb5 16. Rhe1 a5 17. Qe2 Qxe2 18. Rxe2 a4 19. Bc4 Rfc8 20. b3 Rc7 21. Bb5 axb3 22. cxb3 Ra5 23. Bc4 {½-½ (53) Inarkiev,E (2660)-Sutovsky,E (2635) Poikovsky 2015}) 11... Bxb3 $146 ({Predecessor:} 11... a6 12. O-O-O Bxb3 13. cxb3 Qa5 14. Kb1 b5 15. h4 b4 16. Na4 Qb5 17. Qd2 Rac8 18. h5 Nxh5 19. Bxg7 Kxg7 {0-1 (48) Shakirova,R (2004)-Martynyuk,E (2302) St Petersburg 2017}) 12. axb3 a6 {White is slightly better.} 13. O-O-O Rc8 14. Kb1 e6 15. g4 {[%cal Bg2g4,Bg4g5][%mdl 32]} Qe7 16. h4 {[%cal Bh2h4,Bh4h5][%mdl 32]} Nd7 (16... h6 $142) 17. Bxg7 $16 Kxg7 18. f4 Rc6 (18... h6 $16 {is a better defense.}) 19. g5 $1 $18 Kg8 20. h5 Rfc8 21. Qh2 b5 {intending ...b4.} 22. Rde1 Rc5 (22... R6c7 $142 23. Re2 Nc5) 23. Qh3 (23. Nd5 $142 exd5 24. exd5) 23... Nf8 24. Re2 (24. b4 $142 Rc4 25. hxg6 fxg6 26. f5) 24... Qc7 $2 (24... a5 $16) 25. b4 Rc4 26. hxg6 fxg6 {[#]} 27. f5 $1 Rxb4 {White must now prevent ...Qxc3.} 28. Na2 $4 {[%mdl 8192] [#]} (28. Re3 $18 {is the narrow road to win.} d5 29. exd5 exf5 30. d6 Qxd6 {[#]} 31. Ne4 $1 {[%mdl 512]} Rxc2 32. Nf6+ (32. Nxd6 Rbxb2+ 33. Ka1 Ra2+ 34. Kb1 Rab2+ 35. Ka1 Ra2+ 36. Kb1 Rab2+ $11) 32... Qxf6 33. gxf6 Rbxb2+ 34. Ka1 Ra2+ 35. Kb1 Rab2+ 36. Ka1 Ra2+ 37. Kb1 Rab2+) 28... Rxe4 $1 $19 {[%mdl 512]} 29. Rxe4 {Nc3 is the strong threat.} Qxc2+ 30. Ka1 {Threatens to win with Rxe6.} Qxe4 31. f6 b4 32. Nc1 (32. Qh6 {was called for.} Qb7 33. Nxb4) 32... Qf4 {Precision: White = 59%, Black = 39%.} 0-1

[Event "78th GEO-ch 2019"]
[Site "Tbilisi"]
[Date "2019.02.06"]
[Round "1.5"]
[White "Jojua, Davit"]
[Black "Arabidze, Meri"]
[Result "1/2-1/2"]
[WhiteElo "2588"]
[BlackElo "2387"]
[Annotator "TA"]
[PlyCount "51"]
[EventDate "2019.02.06"]
[EventType "k.o."]
[EventCountry "GEO"]
[SourceTitle "playchess.com"]
[Source "ChessBase"]
[SourceQuality "1"]

{[%evp 20,51,27,27,20,19,44,21,14,0,0,0,0,0,0,0,0,0,0,-27,-26,-33,-10,-3,-3,-19,-3,-3,-4,-7,7,0,17,10]} 1. d4 d5 2. c4 dxc4 3. e4 e5 4. Nf3 exd4 5. Bxc4 Nc6 6. O-O Be6 7. Bxe6 fxe6 8. Qb3 Qd7 9. Qxb7 Rb8 10. Qa6 Nf6 11. Nbd2 Bd6 {D20: Queen's Gambit Accepted: 3 e3 and 3 e4} (11... Bb4 12. Qd3 Bxd2 13. Bxd2 Rxb2 14. Rac1 O-O 15. Rc5 Rfb8 16. Rfc1 R8b6 17. h3 h6 18. a4 Ne8 19. Bc3 R2b3 {1-0 (48) Wojtaszek,R (2746)-Socko,B (2604) Czech Republic 2016}) 12. b3 O-O 13. Bb2 e5 14. Rac1 {[#] Qc4+ is the strong threat.} Nb4 15. Qc4+ Qf7 $1 16. Bxd4 exd4 17. e5 $1 Nxa2 18. Ra1 $146 ({Predecessor:} 18. Qxf7+ Rxf7 19. Rc4 {0-1 (52) Kovats,J (1956)-Baffo,J (2113) ICCF email 2016}) 18... Qxc4 19. Nxc4 Nc3 20. exd6 Ne2+ 21. Kh1 {The position is equal.} cxd6 22. Nxd6 Rxb3 23. Rxa7 d3 24. h3 Nd5 25. Rfa1 Rc3 26. Ne4 {Accuracy: White = 81%, Black = 67%.} 1/2-1/2

[Event "78th GEO-ch 2019"]
[Site "Tbilisi"]
[Date "2019.02.08"]
[Round "1.5"]
[White "Jojua, Davit"]
[Black "Arabidze, Meri"]
[Result "1-0"]
[WhiteElo "2588"]
[BlackElo "2387"]
[Annotator "TA"]
[PlyCount "73"]
[EventDate "2019.02.06"]
[EventType "k.o."]
[EventCountry "GEO"]
[SourceTitle "playchess.com"]
[Source "ChessBase"]
[SourceQuality "1"]

{[%evp 9,73,25,24,2,34,25,19,12,27,0,0,-49,-54,-62,59,46,44,37,51,6,6,15,97,99,93,91,135,147,123,87,98,71,167,87,114,122,119,121,198,20,18,20,111,105,421,427,421,428,609,608,595,604,547,556,681,681,741,731,5397,5317,5310,4914,5173,1437,6175,5317]} 1. d4 d5 (1... Nf6 2. Bf4 {1-0 (76) Aronian,L (2765)-Caruana,F (2832) London 2018}) 2. Bf4 Nf6 $146 ({Predecessor:} 2... c5 3. e3 {0-1 (57) Carre,S (2159)-Ortega,M (2465) Sitges 2016}) 3. e3 c5 4. dxc5 (4. c3 Nc6 5. Nd2 Qb6 6. Qb3 Nh5 7. Qxb6 axb6 8. Bc7 cxd4 9. exd4 e5 10. Bxe5 Nxe5 11. dxe5 Bc5 12. g3 O-O {1-0 (76) Aronian,L (2765)-Caruana,F (2832) London 2018}) 4... Nc6 5. Bb5 e6 6. b4 {D00: 1 d4 d5: Unusual lines} Be7 ({Predecessor:} 6... a5 7. c3 {0-1 (57) Carre,S (2159)-Ortega,M (2465) Sitges 2016}) 7. c3 a5 8. Nf3 {The position is equal.} O-O 9. Qb3 Nh5 ({Predecessor:} 9... Na7 10. Be2 Ne4 11. Nbd2 g5 12. Nxe4 gxf4 {0-1 (57) Carre,S (2159)-Ortega,M (2465) Sitges 2016}) 10. Nbd2 Nxf4 11. exf4 Bf6 ({Black should play} 11... Qc7 $1 $15) 12. Rc1 $14 d4 13. Ne4 dxc3 14. a3 (14. bxa5 {seems wilder.} Nxa5 15. Qa4 Be7 16. O-O Qc7 17. g3) 14... axb4 15. axb4 Nd4 (15... Qd5 $1 $11 16. Nxf6+ gxf6 17. Qxd5 (17. Qxc3 Qe4+ {[%mdl 64] Double Attack} 18. Be2 Qxb4 $11) 17... exd5) 16. Nxd4 $16 Qxd4 17. Nxf6+ gxf6 18. O-O Qxf4 19. Rfd1 e5 20. Qxc3 Kh8 (20... Ra2 $16 21. Qg3+ Qxg3 22. hxg3 Rb2) 21. Rc2 (21. g3 $18 Qg4 22. Bc4) 21... Be6 22. Rcd2 Rg8 {[#]} 23. g3 $1 Qe4 (23... Rg4 $16 {is a better defense.}) 24. Bf1 $2 (24. Bd7 $18) 24... Ra4 $11 25. b5 {[%cal Bb4b5,Bb5c6,Bc6c7][%mdl 32] Hoping for c6.} Bg4 {[#]} (25... Kg7 $11 {keeps the balance.}) 26. Rc1 $1 $16 Bf3 $2 {[%mdl 8192]} (26... Kg7 $16) 27. c6 $18 {White is clearly winning.} bxc6 28. bxc6 Rc8 (28... Rd4 $142 29. c7 Rxd2) 29. c7 Kg7 30. Rd8 Raa8 31. Qd2 Bg4 32. Qd6 Be6 {aiming for ...Rxd8.} 33. Bg2 Qa4 34. Bxa8 Qxa8 35. Qf8+ Kg6 36. Rxc8 (36. Qg8+ $142 Kh6 37. Rxc8 Bxc8 38. Qxf7) 36... Bxc8 37. Qg8+ {Accuracy: White = 54%, Black = 21%.} 1-0

[Event "78th GEO-ch 2019"]
[Site "Tbilisi"]
[Date "2019.02.08"]
[Round "1.5"]
[White "Maghalashvili, Davit"]
[Black "Petriashvili, Nikoloz"]
[Result "1-0"]
[WhiteElo "2504"]
[BlackElo "2464"]
[Annotator "ChessBase"]
[PlyCount "119"]
[EventDate "2019.02.06"]
[EventType "k.o."]
[EventCountry "GEO"]
[SourceTitle "playchess.com"]
[Source "ChessBase"]
[SourceQuality "1"]
[TimeControl "600+10"]

1. Nf3 {[%emt 0:00:00]} d5 {[%emt 0:00:00]} 2. g3 {[%emt 0:00:00]} Nf6 {[%emt 0:00:00]} 3. Bg2 {[%emt 0:00:00]} g6 {[%emt 0:00:00]} 4. b3 {[%emt 0:00:33]} Bg7 {[%emt 0:00:00]} 5. Bb2 {[%emt 0:00:02]} O-O {[%emt 0:00:01]} 6. c4 {[%emt 0:00:07]} c6 {[%emt 0:00:09]} 7. O-O {[%emt 0:00:14]} Bf5 {[%emt 0:00:03]} 8. d3 {[%emt 0:00:27]} a5 {[%emt 0:00:54]} 9. a3 {[%emt 0:00:31]} Na6 {[%emt 0:00:02]} 10. Nbd2 {[%emt 0:00:07]} Nc5 {[%emt 0:00:54]} 11. b4 {[%emt 0:00:22]} Na6 {[%emt 0:00:13]} 12. Bc3 {[%emt 0:00:38]} axb4 {[%emt 0:00:01]} 13. axb4 {[%emt 0:00:01]} Qb6 {[%emt 0:00:12]} 14. Qb3 {[%emt 0:01:44]} Rfd8 {[%emt 0:00:06]} 15. Qb2 {[%emt 0:00:55]} Ne8 {[%emt 0:00:49]} 16. Bxg7 {[%emt 0:00:05]} Nxg7 {[%emt 0:00:08]} 17. Rfb1 {[%emt 0:00:09]} Bg4 {[%emt 0:00:58]} 18. b5 {[%emt 0:00:42]} Nc5 {[%emt 0:00:52]} 19. Rxa8 {[%emt 0:00:02]} Rxa8 {[%emt 0:00:02]} 20. bxc6 {[%emt 0:00:46]} Qxb2 {[%emt 0:00:18]} 21. Rxb2 {[%emt 0:00:01]} bxc6 {[%emt 0:00:02]} 22. Nd4 {[%emt 0:00:17]} Ra1+ {[%emt 0:00:38]} 23. Nf1 {[%emt 0:01:08]} Nge6 {[%emt 0:01:01]} 24. Nxc6 {[%emt 0:00:11]} dxc4 {[%emt 0:00:03]} 25. dxc4 {[%emt 0:00:09]} Ng5 {[%emt 0:00:34]} 26. h4 {[%emt 0:01:35]} Nh3+ {[%emt 0:00:01]} 27. Kh2 {[%emt 0:00:02]} Nxf2 {[%emt 0:00:01]} 28. Nxe7+ {[%emt 0:00:14]} Kg7 {[%emt 0:00:40]} 29. Nd5 {[%emt 0:00:43]} Be6 {[%emt 0:00:32]} 30. Nfe3 {[%emt 0:00:15]} Nce4 {[%emt 0:00:12]} 31. Bf3 {[%emt 0:00:23]} Rc1 {[%emt 0:01:19]} 32. Rb7 {[%emt 0:00:41]} h5 {[%emt 0:00:06]} 33. Rc7 {[%emt 0:00:20]} Nd2 {[%emt 0:00:10]} 34. Kg2 {[%emt 0:00:17]} Ng4 {[%emt 0:00:30]} 35. Bxg4 {[%emt 0:00:22]} hxg4 {[%emt 0:00:32]} 36. c5 {[%emt 0:00:14]} Bxd5+ {[%emt 0:00:18]} 37. Nxd5 {[%emt 0:00:03]} Ne4 {[%emt 0:00:03]} 38. c6 {[%emt 0:00:14]} Rc2 {[%emt 0:00:08]} 39. Nf4 {[%emt 0:00:26]} Rc3 {[%emt 0:00:03]} 40. Re7 {[%emt 0:00:27]} Nf6 {[%emt 0:01:08]} 41. Ne6+ {[%emt 0:01:00]} Kg8 {[%emt 0:00:01]} 42. Nd4 {[%emt 0:00:19]} Nd5 {[%emt 0:00:26]} 43. Rd7 {[%emt 0:00:05]} Nf6 {[%emt 0:00:36]} 44. Ra7 {[%emt 0:00:13]} Nd5 {[%emt 0:00:03]} 45. e4 {[%emt 0:00:07]} Ne3+ {[%emt 0:00:41]} 46. Kf2 {[%emt 0:00:02]} Nc2 {[%emt 0:00:01]} 47. c7 {[%emt 0:00:12]} Nxd4 {[%emt 0:00:26]} 48. Ra8+ {[%emt 0:00:01]} Kg7 {[%emt 0:00:02]} 49. c8=Q {[%emt 0:00:01]} Rxc8 {[%emt 0:00:02]} 50. Rxc8 {[%emt 0:00:01]} Ne6 {[%emt 0:00:08]} 51. Ke3 {[%emt 0:00:05]} Kf6 {[%emt 0:00:01]} 52. Ra8 {[%emt 0:00:07]} Ke7 {[%emt 0:00:05]} 53. e5 {[%emt 0:00:27]} f5 {[%emt 0:00:16]} 54. exf6+ {[%emt 0:00:17]} Kxf6 {[%emt 0:00:01]} 55. Ra6 {[%emt 0:00:09]} Kf5 {[%emt 0:00:01]} 56. Ra5+ {[%emt 0:00:02]} Kf6 {[%emt 0:00:01]} 57. Ke4 {[%emt 0:00:08]} Kf7 {[%emt 0:00:19]} 58. Ke5 {[%emt 0:00:06]} Ng7 {[%emt 0:00:14]} 59. Ra7+ {[%emt 0:00:10]} Kg8 {[%emt 0:00:01]} 60. Kf6 {[%emt 0:00:06]} 1-0

[Event "78th GEO-ch 2019"]
[Site "Tbilisi"]
[Date "2019.02.08"]
[Round "1.6"]
[White "Petriashvili, Nikoloz"]
[Black "Maghalashvili, Davit"]
[Result "1/2-1/2"]
[WhiteElo "2464"]
[BlackElo "2504"]
[Annotator "RC"]
[PlyCount "76"]
[EventDate "2019.02.06"]
[EventType "k.o."]
[EventCountry "GEO"]
[SourceTitle "playchess.com"]
[Source "ChessBase"]
[SourceQuality "1"]
[TimeControl "600+10"]

1. c4 {[%emt 0:00:18]} e6 {[%emt 0:00:00]} 2. Nf3 {[%emt 0:00:02]} d5 {[%emt 0:00:00]} 3. b3 {[%emt 0:00:01]} Nf6 {[%emt 0:00:00]} 4. g3 {[%emt 0:00:01]} Be7 {[%emt 0:00:00]} 5. Bg2 {[%emt 0:00:01]} O-O {[%emt 0:00:00]} 6. O-O {[%emt 0:00:03]} c5 {[%emt 0:00:00]} 7. cxd5 {[%emt 0:00:01]} Nxd5 {[%emt 0:00:02]} 8. Bb2 {[%emt 0:00:01]} Nc6 {[%emt 0:00:02]} 9. d4 {[%emt 0:00:25]} cxd4 {[%emt 0:00:06]} 10. Nxd4 {[%emt 0:00:02]} Bd7 {[%emt 0:00:01]} 11. Nc3 {[%emt 0:00:38]} Nxc3 {[%emt 0:00:14]} 12. Bxc3 {[%emt 0:00:03]} Rc8 {[%emt 0:00:47]} 13. e3 {[%emt 0:00:17]} Bf6 {[%emt 0:00:31]} 14. Nxc6 {[%emt 0:01:55]} Bxc6 {[%emt 0:00:08]} 15. Qxd8 {[%emt 0:00:03]} Rfxd8 {[%emt 0:00:05]} 16. Bxf6 {[%emt 0:00:03]} gxf6 {[%emt 0:00:02]} 17. Rfc1 {[%emt 0:00:38]} Bxg2 {[%emt 0:00:06]} 18. Kxg2 {[%emt 0:00:01]} Rxc1 {[%emt 0:00:18]} 19. Rxc1 {[%emt 0:00:02]} Rd2 {[%emt 0:00:04]} 20. a4 {[%emt 0:00:02]} Rb2 {[%emt 0:00:04]} 21. Rc3 {[%emt 0:00:02]} f5 {[%emt 0:00:17]} 22. h3 {[%emt 0:00:07]} h5 {[%emt 0:00:13]} 23. Kf3 {[%emt 0:00:02]} Kg7 {[%emt 0:00:04]} 24. a5 {[%emt 0:00:08]} Kf6 {[%emt 0:00:23]} 25. h4 {[%emt 0:00:04]} Kg6 {[%emt 0:00:22]} 26. Kf4 {[%emt 0:00:47]} Rxf2+ {[%emt 0:01:53]} 27. Ke5 {[%emt 0:00:01]} Rd2 {[%emt 0:00:17]} 28. Rc5 {[%emt 0:00:02]} b6 {[%emt 0:01:18]} 29. axb6 {[%emt 0:00:02]} axb6 {[%emt 0:00:01]} 30. Rb5 {[%emt 0:00:03]} Rd3 {[%emt 0:00:09]} 31. Kf4 {[%emt 0:00:44]} Rd6 {[%emt 0:00:15]} 32. Ke5 {[%emt 0:00:01]} Rd3 {[%emt 0:00:09]} 33. Rxb6 {[%emt 0:00:29]} Rxe3+ {[%emt 0:00:04]} 34. Kf4 {[%emt 0:00:33]} Rc3 {[%emt 0:00:20]} 35. Rb8 {[%emt 0:00:07]} f6 {[%emt 0:00:27]} 36. Rg8+ {[%emt 0:00:05]} Kf7 {[%emt 0:00:06]} 37. Rb8 {[%emt 0:00:01]} Kg6 {[%emt 0:00:05]} 38. Rg8+ {[%emt 0:00:02]} Kf7 1/2-1/2

[Event "78th GEO-ch 2019"]
[Site "Tbilisi"]
[Date "2019.02.08"]
[Round "1.6"]
[White "Arabidze, Meri"]
[Black "Jojua, Davit"]
[Result "1/2-1/2"]
[WhiteElo "2387"]
[BlackElo "2588"]
[Annotator "TA"]
[PlyCount "117"]
[EventDate "2019.02.06"]
[EventType "k.o."]
[EventCountry "GEO"]
[SourceTitle "playchess.com"]
[Source "ChessBase"]
[SourceQuality "1"]

{[%evp 15,117,40,57,42,43,38,56,41,33,38,60,37,76,12,82,35,87,73,82,82,103,102,104,117,90,56,63,57,56,0,0,0,63,78,100,106,504,504,783,-611,168,175,139,0,8,5,33,-72,-75,-76,-72,-69,-79,-66,-79,-212,0,-89,0,0,0,0,0,0,0,0,0,0,0,0,0,0,0,0,0,0,0,0,0,0,0,-25,0,-333,-341,-354,-110,-309,-278,-265,-45,-39,-39,-39,-39,-68,-68,-47,0,-39,0,-54,0,-43]} 1. d4 g6 2. c4 Bg7 3. Nc3 c5 4. d5 d6 5. e4 Nf6 6. Nge2 b5 7. cxb5 {E70: King's Indian: Miscellaneous lines with 4 e4, including 5 Nge2 and 5 Bd3 0-0 6 Nge2} a6 8. Ng3 O-O {LiveBook: 21 Games} (8... h5 9. Be2 Nbd7 10. bxa6 Qa5 11. O-O Bxa6 12. Re1 O-O {½-½ (12) Sadzikowski,D (2582)-Vazquez Igarza,R (2558) Gallipoli 2018}) 9. h4 {White is slightly better.} h5 10. Bg5 $146 ({Predecessor:} 10. Be2 axb5 11. Nxb5 Bg4 12. f3 Bd7 13. a4 {0-1 (38) Pallitsch,C (2176)-Loncar,R (2397) Zadar 2018}) 10... axb5 11. Bxb5 Ba6 12. a4 Nbd7 13. O-O Ne5 14. Qe2 (14. Nge2 $16) 14... Qa5 (14... c4 $11 {remains equal.}) 15. Bd2 Bxb5 (15... Rfb8 $14) 16. Nxb5 $16 Qb6 17. Bc3 Ne8 18. Ra3 Nc7 19. Nxc7 $1 Qxc7 20. Nxh5 gxh5 21. Qxh5 {Black must now prevent f4.} f6 $1 22. Be1 (22. f4 $14 Nd3 23. Qg6) 22... Qd7 $1 $11 23. Rg3 {aiming for f4.} Qe8 ({Not} 23... Rxa4 $2 24. f4 $18) (23... Qxa4 $11 24. f4 Qxe4) 24. Qh6 $1 $14 {[%csl Gh6][%cal Rg3g7]} Qf7 25. f4 Nd7 $2 {[%mdl 8192]} (25... Nd3 $16) 26. Rff3 $18 Rxa4 (26... Rfb8 $142 27. Rxg7+ Qxg7) 27. Rxg7+ $2 (27. Rg6 Qxg6 28. Qxg6) 27... Qxg7 28. Rg3 {[%csl Gh6][%cal Rg3g7]} Rf7 29. Qh5 (29. Rxg7+ $16 Rxg7 30. Kf2) 29... Rxe4 $11 30. Rxg7+ Rxg7 31. Qe8+ (31. Bd2 $14) 31... Nf8 $17 32. Bf2 Rxf4 33. h5 {next Be3 is good for White.} Rf5 34. Be3 {Bh6 is the strong threat.} Rh7 $1 35. g4 {[#]} (35. h6 $17) 35... Rxd5 $2 (35... Rf3 $1 $19 {[%cal Rf3e3]} 36. Bc1 Rg3+ 37. Kf2 Rxg4) 36. Kf2 {[#]} (36. Qa8 $11 {keeps the balance.} Re5 37. Bf4) 36... Re5 (36... f5 $1 $17 {[%cal Rf5g4]} 37. g5 f4) 37. Kf3 $11 Re6 38. Kf4 Re5 39. Kf3 Re6 40. Bf4 Kg7 41. Qc8 Kg8 42. Qe8 Kg7 43. Kg3 Kg8 44. Kf3 Kg7 45. Be3 Kg8 46. Bd2 Kg7 47. Bc3 Kg8 $1 48. Kf4 Re2 49. g5 $2 {[%mdl 8192]} (49. Qb5 $11 Re6 50. Qb3) 49... fxg5+ $19 50. Kxg5 Re6 $2 (50... Rh2 $19 {and Black stays clearly on top. Threatens to win with ...d5.} 51. Kg4 d5) 51. Kg4 $2 (51. Qc6 $17 {keeps fighting.}) 51... Reh6 52. Bd2 Rxh5 $2 (52... Rf6 $19 53. Qa8 Rg7+ 54. Kh3 Rf5) 53. Bg5 $15 Rxg5+ 54. Kxg5 {KQ-KRN} Rf7 55. Kh6 Rf6+ 56. Kg5 Rf7 57. Kh6 Rf6+ 58. Kg5 $1 Rf7 59. Kh6 {Precision: White = 46%, Black = 53%.} 1/2-1/2